Emergence of a welfare state - social insurance in Sweden in the 1910s (Record no. 46892)

000 -LEADER
fixed length control field 00471pab a2200169 454500
008 - FIXED-LENGTH DATA ELEMENTS--GENERAL INFORMATION
fixed length control field 180718b2000 xxu||||| |||| 00| 0 eng d
100 ## - MAIN ENTRY--PERSONAL NAME
Personal name Edebalk, Per Gunnar
245 ## - TITLE STATEMENT
Title Emergence of a welfare state - social insurance in Sweden in the 1910s
260 ## - PUBLICATION, DISTRIBUTION, ETC.
Date of publication, distribution, etc. 2000
300 ## - PHYSICAL DESCRIPTION
Extent p.537-51
362 ## - DATES OF PUBLICATION AND/OR SEQUENTIAL DESIGNATION
Dates of publication and/or sequential designation Oct
650 ## - SUBJECT ADDED ENTRY--TOPICAL TERM
Topical term or geographic name entry element Sweden - Social policy
650 ## - SUBJECT ADDED ENTRY--TOPICAL TERM
Topical term or geographic name entry element Social security - Sweden
650 ## - SUBJECT ADDED ENTRY--TOPICAL TERM
Topical term or geographic name entry element Social security
773 ## - HOST ITEM ENTRY
Main entry heading Journal of Social Policy
909 ## -
-- 46892
Holdings
Withdrawn status Lost status Damaged status Not for loan Permanent Location Current Location Date acquired Serial Enumeration / chronology Barcode Date last seen Price effective from Koha item type
        Indian Institute of Public Administration Indian Institute of Public Administration 2018-07-19 Volume no: 29, Issue no: 4 AR47320 2018-07-19 2018-07-19 Articles

Powered by Koha